Italiano. 3º B.U.P. Documento 2.

Gespeichert in:
Bibliographische Detailangaben
1. Verfasser: Montes, Pilar
Format: Buch
Sprache:Italienisch
Erschienen: Madrid Instituto Nacional de Bachillerato a Distancia sf
Katalog:MANES:  Suchergebnis im Bibliothekskatalog
Schulbuchspezifische Eigenschaften:
Tags: Tag hinzufügen
Keine Tags, Fügen Sie den ersten Tag hinzu!
Hinzugefügt zu:11.05.2021
Geändert in:07.05.2025

MARC

LEADER 00000nam a22000007a 4500
005 20250507133430.0
008 210512b ||||| |||| 00| 0 ita d
040 |a centro_manes  |c Centro_internacional de la cultura escolar 
100 |9 31540  |a Montes, Pilar 
245 |a Italiano. 3º B.U.P. Documento 2. 
260 |a Madrid  |b Instituto Nacional de Bachillerato a Distancia  |c sf 
300 |a 306 p.   |c 29 x 20 cm  
500 |a Contiene ilustraciones en blanco y negro y ejercicios para el alumno. 
546 |a España 
561 |5 es-CICE  |3 FMa/LE358  |a España. Centro Internacional de la Cultura Escolar  |k MANES 
690 0 |a LE 
691 0 |a SE 
942 |2 ddc  |c BK 
999 |c 92111  |d 92111 
999 |c manes:92111  |d 92111